000 01023nam a22003017a 4500
999 _c7837
_d7837
005 20180110110930.0
008 131118b2013 ck ||||| |||| 00| 0 spa d
020 _a9789588554297
040 _aCO-BoIAVH
_cCO-BoIAVH
041 _aspa
044 _ack
082 _a597.928
_bM38g
100 1 _aMartínez-Callejas, S
245 1 _aGuía práctica para el cuidado y conservación de nidadas de tortuga y terecay
_cS, Martínez-Callejas ...[et al]
260 _aBogotá
_bFundación Omacha
_bFundación Palmarito
_c2013
300 _a40 p.
_bil., fotografías (col)
_c20 cm.
490 _aSerie especies amenazadas
500 _acartilla divulgativa
650 _aTortugas
_xconservación
650 1 7 _aTortugas
_zColombia
650 1 7 _aPodocnemis unifilis
_yColombia
650 _aTortugas
_xfilogenia
650 _aEspecies amenazadas
_zColombia
700 1 _aTrujillo, F.
700 1 _aQuinche, C.
700 1 _aMillán, J
942 _2ddc
_cImpreso
_01